চলনবিল অঞ্চলের লোকমেলা : (Record no. 37171)
[ view plain ]
| 000 -LEADER | |
|---|---|
| fixed length control field | 01593ntm a2200253 a 4500 |
| 001 - CONTROL NUMBER | |
| control field | 37171 |
| 003 - CONTROL NUMBER IDENTIFIER | |
| rucl marc code | BD-RjUL |
| 005 - DATE AND TIME OF LATEST TRANSACTION | |
| control field | 20211209052602.0 |
| 008 - FIXED-LENGTH DATA ELEMENTS--GENERAL INFORMATION | |
| fixed length control field | 141023s2013 bg ||||| |||| 00| 0 ben d |
| 035 ## - SYSTEM CONTROL NUMBER | |
| System control number | (BD-RjUL)37273 |
| 040 ## - CATALOGING SOURCE | |
| Original cataloging agency | BD-RjUL |
| Language of cataloging | ben |
| Transcribing agency | BD-RjUL |
| Modifying agency | BD-RjUL |
| 041 ## - LANGUAGE CODE | |
| Language code of text/sound track or separate title | ben |
| 082 ## - DEWEY DECIMAL CLASSIFICATION NUMBER | |
| Edition number | 21 |
| Classification number | 394.60954924 |
| Author mark and year | ISC 2013 |
| 100 ## - MAIN ENTRY--PERSONAL NAME | |
| Personal name | ইসলাম, মো. নূরুল |
| 9 (RLIN) | 113755 |
| 245 10 - TITLE STATEMENT | |
| Title | চলনবিল অঞ্চলের লোকমেলা : |
| Remainder of title | আর্থ-সামাজিক ও সাংস্কৃতিক প্রেক্ষাপট পর্যালোচনা / |
| Statement of responsibility, etc. | মো. নূরুল ইসলাম ; |
| Linkage | তত্ত্ববধায়ক : মুহাম্মদ আবদুল জলিল |
| 260 ## - PUBLICATION, DISTRIBUTION, ETC. (IMPRINT) | |
| Place of publication, distribution, etc. | রাজশাহী : |
| Name of publisher, distributor, etc. | ফোকলোর বিভাগ, রাজশাহী বিশ্ববিদ্যালয়, |
| Date of publication, distribution, etc. | ২০১৩. |
| 300 ## - PHYSICAL DESCRIPTION | |
| Pagination | iv, ৩৬০ পাতা : |
| Illustrations | চিত্র ; |
| Size | ২৯ সেমি. |
| 502 ## - DISSERTATION NOTE | |
| Dissertation note | থিসিস (পিএইচ. ডি.)--ফোকলোর বিভাগ, রাজশাহী বিশ্ববিদ্যালয়, ২০১৩. |
| 504 ## - BIBLIOGRAPHY, ETC. NOTE | |
| Bibliography, etc | গ্রন্থপঞ্জি : পাতা [৩৫৭]-৩৬০ |
| 650 ## - SUBJECT ADDED ENTRY--TOPICAL TERM | |
| Topical term or geographic name as entry element | লোক মেলা |
| Form subdivision | ইতিহাস |
| Chronological subdivision | বাংলাদেশ |
| Geographic subdivision | চলনবিল অঞ্চল |
| 9 (RLIN) | 113756 |
| Topical term or geographic name as entry element | Folk Fairs |
| Form subdivision | History |
| Geographic subdivision | Bangladesh |
| -- | Chalon beel region |
| 9 (RLIN) | 113757 |
| 700 ## - ADDED ENTRY--PERSONAL NAME | |
| Personal name | জলিল, মুহাম্মদ আবদুল, তত্ত্ববধায়ক |
| 942 ## - ADDED ENTRY ELEMENTS (KOHA) | |
| Source of classification or shelving scheme | Dewey Decimal Classification |
| Koha item type | Theses |
| Lost status | Source of classification or shelving scheme | Damaged status | Not for loan | Collection code | Permanent Location | Current Location | Shelving location | Date acquired | Source of acquisition | Cost, normal purchase price | Total Checkouts | Full call number | Date last seen | Copy number | Koha item type |
|---|---|---|---|---|---|---|---|---|---|---|---|---|---|---|---|
| Dewey Decimal Classification | Not For Loan | Theses | Central Library, University of Rajshahi | Central Library, University of Rajshahi | 24/09/2014 | Controller of Examination Office, University of Rajshahi, Rajshahi. | 0.00 | BTHE 394.60954924 ISC 2013 | 23/10/2014 | C-1 | Theses |